An exposition of Philippians. (Record no. 5868)

000 -LEADER
fixed length control field 00562nam a2200181 a 4500
001 - CONTROL NUMBER
control field :::00003610$&:&@@
003 - CONTROL NUMBER IDENTIFIER
control field OkBaRHE
005 - DATE AND TIME OF LATEST TRANSACTION
control field 20000607103308.0
008 - FIXED-LENGTH DATA ELEMENTS--GENERAL INFORMATION
fixed length control field j 000 0 eng u
040 ## - CATALOGING SOURCE
Transcribing agency
100 1# - MAIN ENTRY--PERSONAL NAME
Personal name Daille, John.
245 13 - TITLE STATEMENT
Title An exposition of Philippians.
260 ## - PUBLICATION, DISTRIBUTION, ETC. (IMPRINT)
Place of publication, distribution, etc MacDill AFB, FL., :
Name of publisher, distributor, etc Tyndale Bible Society
Date of publication, distribution, etc nd
300 ## - PHYSICAL DESCRIPTION
Extent 286 p. ;
Dimensions 22 cm.
650 ## - SUBJECT ADDED ENTRY--TOPICAL TERM
Topical term or geographic name as entry element Bible New Testament Philippians
General subdivision Commentaries
942 ## - ADDED ENTRY ELEMENTS (KOHA)
Source of classification or shelving scheme
Koha item type Books
Copies
Koha item type Date acquired Lost status Shelving location Source of classification or shelving scheme Full call number Price effective from Copy number Barcode Date last seen Not for loan Damaged status Withdrawn status Permanent Location
Books2010-04-14 General Stacks BS 2705 .D32010-04-14136102018-04-03   RHEMA Bible Training College